Normal view
MARC view
- STEWART, RODNEY D, STEWART, ANN L
Entry Personal Name
001 - CONTROL NUMBER
- control field: 67151
003 - CONTROL NUMBER IDENTIFIER
- control field: NUST
005 - DATE AND TIME OF LATEST TRANSACTION
- control field: 20210628203743.0
008 - FIXED-LENGTH DATA ELEMENTS
- fixed length control field: 210628|| aca||aabn | a|a d
040 ## - CATALOGING SOURCE
- Original cataloging agency: NUST
- Transcribing agency: NUST
100 ## - HEADING--PERSONAL NAME
- Personal name: STEWART, RODNEY D, STEWART, ANN L
670 ## - SOURCE DATA FOUND
- Source citation: Work cat.: (NUST): STEWART, RODNEY D, STEWART, ANN L, MICROESTIMATING FOR CIVIL ENGINESRS, 1986
